000 00905cam-a2200265-a-4500
001 000001139
005 20200929145503.0
008 980826s1999----maua-----b----001-0-eng--
010 _a---98037256-
020 _a0201571692
040 _aDO-SdBNP
_cDLC
_dDLC
050 0 0 _aQA76.76.D47
_bJ35 1999
100 1 _aJacobson, Ivar.
_93869
245 1 4 _aThe unified software development process /
_cIvar Jacobson, Grady Booch, James Rumbaugh.
260 _aReading, Mass :
_bAddison-Wesley,
_c1999.
300 _axxix, 463 p. :
_bill. ;
_c24 cm.
440 4 _aThe Addison-Wesley object technology series
_93870
504 _aIncludes bibliographical references and index.
650 0 _aComputer software
_xDevelopment.
_93897
650 0 _aUml (computer science)
_93898
700 1 _aBooch, Grady.
_93874
700 1 _aRumbaugh, James.
_93875
910 _aCatalogación por copia / LC
082 0 0 _a005.1
_221
999 _c1093
_d1093